000 01180nam a2200373 a 4500
003 AR-BaBNM
005 20251128204725.0
008 082120s2002 ||||||||||||||000 | spa||
020 _a84-7665-081-7
040 _cAR-BaBNM
100 1 _aMarín Gracia, M. Angeles
245 0 0 _aEl potencial de aprendizaje
_baplicaciones al diagnóstico y la orientación
250 _a1ª ed.
260 _aBarcelona
_bPPU
_c1987
300 _a117 p.
_bgráfs., tablas
490 0 _aInvestigación e innovación educativa. Orientación
500 _aCoordinación por Sebastián Rodríguez
500 _aPPU: PROMOCIONES PUBLICACIONES UNIVERSITARIAS
504 _aBibliografía: p. 107-117
650 4 _aPSICOLOGIA DE LA EDUCACION
650 4 _aDIAGNOSTICO EDUCACIONAL
650 4 _aPRUEBAS DE DIAGNOSTICO
650 4 _aDIFICULTADES EN EL APRENDIZAJE
650 4 _aPRUEBAS PSICOLOGICAS
650 4 _aPRUEBAS DE APTITUD
650 4 _aPRUEBAS DE INTELIGENCIA
650 4 _aPSICOMETRIA
650 4 _aPSICOTECNICA
650 4 _aDESARROLLO COGNOSCITIVO
653 _aINVESTIGACION EDUCATIVA
800 1 _aEcheverría, Benito
_edirector
942 _cBK
998 _cGrace
999 _c8570
_d8570